| 000 | 00635nam a2200193Ia 4500 | ||
|---|---|---|---|
| 003 | IN-BaIIA | ||
| 008 | 211028s9999 xx 000 0 eng d | ||
| 020 | _a0-8165-0530-6 | ||
| 040 | _cIIA Library | ||
| 080 |
_a523.45 _bJUP |
||
| 245 | 0 |
_aJupiter _bstudies of the interior, atmosphere, magnetosphere and satellites _cedited by Tom Gehrels |
|
| 260 |
_aTucson _bUniversity of Arizona Press _c1976 |
||
| 300 | _ax, 1254p. | ||
| 650 | _aAstronomy and astrophysics thesaurus | ||
| 650 |
_aPlanet jupiter _91376 |
||
| 650 |
_aPlanetary systems _9965 |
||
| 700 |
_aGehrels, Tom., ed. _910477 |
||
| 942 | _cBK | ||
| 999 |
_c6042 _d6042 |
||